| 000 | 00687nam a2200265Ia 4500 | ||
|---|---|---|---|
| 005 | 20250425161836.0 | ||
| 008 | 250425s9999 xx 000 0 und d | ||
| 020 | _a9978860290 | ||
| 041 | _aspa | ||
| 043 | _aec | ||
| 082 | _a928.866 | ||
| 100 | _aARIAS, AUGUSTO | ||
| 245 | 0 | _aPOETAS PARNASIANOS Y MODERNISTAS | |
| 250 | _a1A ED. | ||
| 260 |
_aEcuador _bCORPORACION DE ESTUDIOS Y PUBLICACIONES _c1989 |
||
| 260 | _aQUITO | ||
| 300 | _a710 | ||
| 500 | _aConsultar inv. D-10543 v.28 en BIBTEC. | ||
| 650 | _aPOEMAS ECUATORIANOS | ||
| 650 | _aPOETAS ECUATORIANOS | ||
| 700 | _aFALCONI VILLAGOMEZ, A | ||
| 700 | _aZALDUMBIDE, GONZALO | ||
| 942 | _c01 | ||
| 010 | _a32076 | ||
| 999 |
_c217254 _d217254 |
||